00451nam a2200133Ia 4500008004100000100001800041245008000059245004800139260004900187260000900236300001100245650001300256856004800269170221s9999 xx 000 0 und d aStacy R. Wade aHome sweet home: Considerations for determining a person’s “tax home” cStacy R. Wade, Western Kentucky University. bJournal of Management and Marketing Research c2016 a14 : 1 xBusiness uhttp://www.aabri.com/manuscripts/142087.pdf